[Event "UGA-ch"]
[Site "Kampala"]
[Date "2011.12.13"]
[Round "8"]
[White "Kalinda, Andrew"]
[Black "Kakooza, Kenneth"]
[Result "0-1"]
[WhiteElo "1950"]
[BlackElo "2177"]
[PlyCount "42"]
[EventDate "2011.12.05"]
[EventType "swiss"]
[EventRounds "10"]
[EventCountry "UGA"]
[SourceTitle "EXT 2013"]
[Source "ChessBase"]
[SourceDate "2012.11.22"]
[SourceVersion "1"]
[SourceVersionDate "2012.11.22"]
[SourceQuality "1"]

1. e4 d6 2. Bc4 Nf6 3. Nc3 c6 4. d3 b5 5. Bb3 a5 6. a3 Nbd7 7. Nf3 Nc5 8. Be3 Nxb3 9. cxb3 Bg4 10. h3 Bh5 11. g4 Bg6 12. Nh4 e5 13. Nxg6 hxg6 14. Bg5 Qb6 15. Qf3 Be7 16. Be3 Qb7 17. Rc1 b4 18. axb4 Qxb4 19. Qd1 Rb8 20. Bd2 Qxb3 21. Qxb3 Rxb3 0-1